Mother Teresa (Record no. 169601)
[ view plain ]
| 000 -LEADER | |
|---|---|
| fixed length control field | 00600nam a22001937a 4500 |
| 003 - CONTROL NUMBER IDENTIFIER | |
| control field | dpl |
| 005 - DATE AND TIME OF LATEST TRANSACTION | |
| control field | 20191126133430.0 |
| 008 - FIXED-LENGTH DATA ELEMENTS--GENERAL INFORMATION | |
| fixed length control field | 191126b ||||| |||| 00| 0 eng d |
| 010 ## - LIBRARY OF CONGRESS CONTROL NUMBER | |
| LC control number | A-935878 |
| 035 ## - SYSTEM CONTROL NUMBER | |
| System control number | A-935878 |
| 040 ## - CATALOGING SOURCE | |
| Transcribing agency | 0 |
| 100 ## - MAIN ENTRY--PERSONAL NAME | |
| Personal name | Chaturvedi,B.K. |
| 245 ## - TITLE STATEMENT | |
| Title | Mother Teresa |
| Remainder of title | Messiah Of The Poor |
| Statement of responsibility, etc | B.K. Chaturvedi |
| Medium | English |
| 250 ## - EDITION STATEMENT | |
| Edition statement | August 1998 |
| 260 ## - PUBLICATION, DISTRIBUTION, ETC. (IMPRINT) | |
| Place of publication, distribution, etc | New Delhi |
| Name of publisher, distributor, etc | Diamond Pocket Books X-30, Okhla Industrial Area, Phase-2 , New Delhi-110020 |
| 300 ## - PHYSICAL DESCRIPTION | |
| Extent | 112p. |
| Other physical details | ill. |
| Dimensions | 15cms |
| Size of unit | 15cms |
| 500 ## - GENERAL NOTE | |
| General note | Contents |
| 942 ## - ADDED ENTRY ELEMENTS (KOHA) | |
| Source of classification or shelving scheme | Dewey Decimal Classification |
| Koha item type | English Books |
| Classification part | 921 |
| Item part | TER |
| Call number prefix | 921 |
| Call number suffix | TER |
| Withdrawn status | Lost status | Source of classification or shelving scheme | Damaged status | Not for loan | Collection code | Home library | Current library | Date acquired | Source of acquisition | Cost, normal purchase price | Total Checkouts | Full call number | Barcode | Date last seen | Cost, replacement price | Price effective from | Koha item type |
|---|---|---|---|---|---|---|---|---|---|---|---|---|---|---|---|---|---|
| Dewey Decimal Classification | Non-fiction | Shahdara Branch | Shahdara Branch | 26/11/2019 | BPPD/PUB | 40.00 | 921 TER | A-935878 | 26/11/2019 | 40.00 | 26/11/2019 | English Books |
